000 00662nam a2200217 a 4500
001 17607
003 CO-ViMGA
008 141112s2004 ck r 000 u spa d
020 _a9586079244
040 _aCO-ViMGA
_bspa
_cCO-ViMGA
082 0 4 _a306.874 0774e
100 1 _aOrtiz, Juan; Duque, Hernando
_924946
245 1 0 _aCómo participan los abuelos en la crianza de los nietos
260 _aBogotá,
_cSan Pablo,
_c1999
300 _a106.p.
590 _aForma de adquisición : Premio - Mincultura
650 1 4 _aCRIANZA DE NIÑOS
_919664
650 1 4 _aeducación DE NIÑOS
_912915
650 1 4 _aEDUCACIÓN PARA LA VIDA FAMILIAR
_924947
942 _2ddc
_cBK
999 _c27100
_d27100